[Event "ENCI Limburg-open B"]
[Site "Maastricht"]
[Date "2009.05.30"]
[Round "2"]
[White "Obels, Pepijn"]
[Black "Henrichs, Wenke"]
[Result "0-1"]
[WhiteElo "1813"]
[BlackElo "2033"]
[PlyCount "57"]
[EventDate "2009.05.29"]
[EventType "swiss"]
[EventRounds "7"]
[EventCountry "NED"]
[Source "P.Boonen"]
[SourceDate "2010.01.01"]

1. e4 c5 2. d4 cxd4 3. c3 dxc3 4. Nxc3 d6 5. Bc4 e6 6. Nf3 Nf6 7. O-O Nbd7 8.
Qe2 a6 9. Rd1 b5 10. Bb3 Bb7 11. a3 Be7 12. Bf4 Qb8 13. Rd3 O-O 14. Ba2 Nc5 15.
Re3 Ng4 16. Nd4 Nxe3 17. Qxe3 Bf6 18. Bg5 Bxg5 19. Qxg5 Nxe4 20. Nxe4 Bxe4 21.
Re1 d5 22. Rc1 h6 23. Qh4 Qe5 24. Rd1 Rac8 25. Bb1 Bxb1 26. Rxb1 Rc4 27. Rd1
Rfc8 28. Qg4 Rxd4 29. Rxd4 0-1

[Event "ENCI Limburg-open B"]
[Site "Maastricht"]
[Date "2009.05.30"]
[Round "2"]
[White "Pijlman, Rene"]
[Black "Holwijn, Melvin"]
[Result "1-0"]
[WhiteElo "1886"]
[BlackElo "2001"]
[PlyCount "53"]
[EventDate "2009.05.29"]
[EventType "swiss"]
[EventRounds "7"]
[EventCountry "NED"]
[Source "P.Boonen"]
[SourceDate "2010.01.01"]

1. e4 e5 2. Nf3 Nf6 3. Nxe5 d6 4. Nf3 Nxe4 5. Nc3 Nxc3 6. dxc3 Be7 7. Be3 Nd7
8. Qd2 Nf6 9. h3 O-O 10. Bd3 d5 11. O-O-O c5 12. Kb1 c4 13. Be2 Qa5 14. Nd4 Ne4
15. Qe1 Rd8 16. Bc1 Be6 17. Bg4 Bxg4 18. hxg4 Bf8 19. f3 Nc5 20. Qh4 h6 21. Nf5
Qb6 22. g5 Na4 23. gxh6 Nxb2 24. hxg7 Nxd1+ 25. Ka1 Bxg7 26. Qh7+ Kf8 27. Qh8+
1-0

[Event "ENCI Limburg-open B"]
[Site "Maastricht"]
[Date "2009.05.30"]
[Round "2"]
[White "Probst, Patrick"]
[Black "Ibrahim, Ashraf"]
[Result "1-0"]
[WhiteElo "1985"]
[BlackElo "1805"]
[PlyCount "66"]
[EventDate "2009.05.29"]
[EventType "swiss"]
[EventRounds "7"]
[EventCountry "NED"]
[Source "P.Boonen"]
[SourceDate "2010.01.01"]

1. d4 Nf6 2. Nf3 e6 3. Bg5 Be7 4. c4 d5 5. Nc3 O-O 6. e3 h6 7. Bh4 b6 8. Bd3
Bb7 9. Qc2 Nbd7 10. O-O-O c5 11. cxd5 cxd4 12. dxe6 dxc3 13. exd7 cxb2+ 14. Kb1
Nd5 15. Bxe7 Qxe7 16. Qxb2 Qxd7 17. e4 Nf4 18. Bc2 Qe7 19. Rhe1 Rfd8 20. Nd4 a5
21. a3 g6 22. g3 Ne6 23. Nf5 Rxd1+ 24. Bxd1 Bxe4+ 25. Rxe4 gxf5 26. Rh4 Rd8 27.
Bb3 Kh7 28. Qe5 Qg5 29. Bc2 Ng7 30. Rf4 Kg8 31. h4 Qg6 32. Qe7 Qd6 33. Qe3 Qd4
1-0

[Event "ENCI Limburg-open B"]
[Site "Maastricht"]
[Date "2009.05.30"]
[Round "2"]
[White "Schmitz, Martin"]
[Black "Roufs, Gerard"]
[Result "0-1"]
[WhiteElo "1838"]
[BlackElo "1948"]
[PlyCount "82"]
[EventDate "2009.05.29"]
[EventType "swiss"]
[EventRounds "7"]
[EventCountry "NED"]
[Source "P.Boonen"]
[SourceDate "2010.01.01"]

1. e4 c5 2. Nf3 e6 3. d4 cxd4 4. Nxd4 Nc6 5. Be3 Qc7 6. Nb5 Qb8 7. Nd2 a6 8.
Nc3 Nf6 9. Nc4 b5 10. Nb6 b4 11. Nca4 Bb7 12. Nxa8 Qxa8 13. f3 Be7 14. Nb6 Qb8
15. Qd2 O-O 16. Be2 Rd8 17. Rd1 d5 18. exd5 exd5 19. Bf4 Qa7 20. Bc7 Re8 21.
Nxd5 Nxd5 22. Qxd5 Bc5 23. Qd7 Qa8 24. Qf5 Bd4 25. Kf1 Bc8 26. Qh5 g6 27. Qh4
Bxb2 28. Bc4 Qb7 29. Qf4 Be6 30. Bxe6 Rxe6 31. Kf2 Rf6 32. Qg3 Bd4+ 33. Rxd4
Nxd4 34. Be5 Nf5 35. Qg5 Qb6+ 36. Ke1 Re6 37. f4 Qe3+ 38. Kd1 Rxe5 39. Qd8+ Re8
40. Qd7 Nd4 41. Qc7 Nb5 0-1

[Event "ENCI Limburg-open B"]
[Site "Maastricht"]
[Date "2009.05.30"]
[Round "2"]
[White "Schubert, Karl"]
[Black "Andriulevicius, Orestas"]
[Result "0-1"]
[WhiteElo "1850"]
[BlackElo "1772"]
[PlyCount "84"]
[EventDate "2009.05.29"]
[EventType "swiss"]
[EventRounds "7"]
[EventCountry "NED"]
[Source "P.Boonen"]
[SourceDate "2010.01.01"]

1. e4 c5 2. Nc3 Nc6 3. g3 g6 4. Bg2 Bg7 5. d3 e6 6. f4 Nge7 7. Nf3 O-O 8. O-O
d5 9. e5 Nf5 10. Ne2 b6 11. c3 Bb7 12. a3 Rc8 13. b4 d4 14. b5 Nb8 15. c4 a6
16. a4 a5 17. g4 Nh6 18. h3 f5 19. exf6 Bh8 20. g5 Nf5 21. Ne5 Bxg2 22. Kxg2 h5
23. Nxg6 Re8 24. Ng3 Bxf6 25. gxf6 Qxf6 26. Ne5 Qg7 27. Ng4 Nh4+ 28. Kh2 hxg4
29. Qxg4 Nf5 30. Ne4 Rf8 31. Qh5 Qh7 32. Rg1+ Kh8 33. Qxh7+ Kxh7 34. Ng5+ Kh8
35. Ra2 Rf6 36. Re2 Re8 37. Ne4 Rf7 38. Rg5 Nd7 39. Rh5+ Kg8 40. Bd2 Nf6 41.
Rxf5 Nxe4 42. Rg2+ Rg7 0-1

[Event "ENCI Limburg-open B"]
[Site "Maastricht"]
[Date "2009.05.30"]
[Round "2"]
[White "Smit, Melvin"]
[Black "Blijlevens, Pim"]
[Result "1/2-1/2"]
[WhiteElo "1812"]
[BlackElo "1941"]
[PlyCount "96"]
[EventDate "2009.05.29"]
[EventType "swiss"]
[EventRounds "7"]
[EventCountry "NED"]
[Source "P.Boonen"]
[SourceDate "2010.01.01"]

1. d4 d5 2. Nf3 Nf6 3. e3 e6 4. Bd3 b6 5. b3 Bb4+ 6. Bd2 Bxd2+ 7. Nbxd2 Bb7 8.
O-O Ne4 9. c4 Nd7 10. Rc1 f5 11. cxd5 exd5 12. Bb5 O-O 13. Bc6 Bxc6 14. Rxc6
Rc8 15. Rc2 g5 16. Ne1 Qf6 17. f4 g4 18. Nxe4 dxe4 19. Qe2 c5 20. dxc5 Rxc5 21.
Rxc5 Nxc5 22. b4 Ne6 23. Qc4 Rf7 24. Rf2 Rc7 25. Qd5 Kf7 26. Rc2 Rxc2 27. Nxc2
Qc3 28. Qxf5+ Ke7 29. Qxe4 Kd6 30. f5 Nc7 31. Qd4+ Qxd4 32. Nxd4 Nd5 33. a3
Nxe3 34. Kf2 Nc4 35. f6 Nxa3 36. Kg3 Nc4 37. Kxg4 Kd5 38. Nb5 Ke6 39. Nxa7 Kxf6
40. Nc6 Ne3+ 41. Kf3 Nd5 42. b5 Nc7 43. Na7 Kf5 44. Nc8 Nxb5 45. Nxb6 Nd6 46.
Nd5 Kg5 47. g3 Nf5 48. h4+ Nxh4+ 1/2-1/2

[Event "ENCI Limburg-open B"]
[Site "Maastricht"]
[Date "2009.05.30"]
[Round "2"]
[White "Smits, Benjamin"]
[Black "Hendrickx, Arthur"]
[Result "1-0"]
[WhiteElo "1950"]
[BlackElo "1797"]
[PlyCount "117"]
[EventDate "2009.05.29"]
[EventType "swiss"]
[EventRounds "7"]
[EventCountry "NED"]
[Source "P.Boonen"]
[SourceDate "2010.01.01"]

1. e4 c5 2. Nf3 Nc6 3. d4 cxd4 4. Nxd4 Nf6 5. Nc3 g6 6. Be3 Bg7 7. Bc4 d6 8.
Bb3 O-O 9. f3 Na5 10. Qd2 Nxb3 11. axb3 Re8 12. O-O-O a6 13. h4 Qa5 14. Kb1 h5
15. Bg5 Nh7 16. Bh6 b5 17. Bxg7 Kxg7 18. Rdg1 e5 19. Nde2 Qc7 20. Nd5 Qd8 21.
g4 hxg4 22. fxg4 Be6 23. Ng3 Rc8 24. Nf5+ Kh8 25. Qh6 Rg8 26. Nfe7 Bxd5 27.
Nxd5 Qf8 28. Qe3 Qd8 29. Rf1 Kg7 30. g5 Rf8 31. Nf6 Qc7 32. Rh2 a5 33. h5 Rh8
34. Qf2 Nxg5 35. Ne8+ Rcxe8 36. Qf6+ Kg8 37. Qxg5 Re6 38. hxg6 Rxg6 39. Rxh8+
Kxh8 40. Rh1+ Kg7 41. Qh4 Kf8 42. Rf1 Qe7 43. Qh8+ Rg8 44. Qh6+ Ke8 45. Rd1 Kd7
46. Qe3 Qd8 47. Qc5 Qc7 48. Qxe5 Qc6 49. Qf5+ Ke8 50. e5 d5 51. Qd3 Rg2 52. c3
Kd7 53. Qh3+ Qe6 54. Qxg2 Kc6 55. c4 bxc4 56. bxc4 Qf5+ 57. Ka1 Kc5 58. Qxd5+
Kb4 59. Qb5# 1-0

[Event "ENCI Limburg-open B"]
[Site "Maastricht"]
[Date "2009.05.30"]
[Round "2"]
[White "Snoeck, Rene"]
[Black "Ingelaere, Frederic"]
[Result "1-0"]
[WhiteElo "1916"]
[BlackElo "1700"]
[PlyCount "55"]
[EventDate "2009.05.29"]
[EventType "swiss"]
[EventRounds "7"]
[EventCountry "NED"]
[Source "P.Boonen"]
[SourceDate "2010.01.01"]

1. d4 Nf6 2. c4 g6 3. Nc3 Bg7 4. e4 d6 5. f4 O-O 6. Nf3 c5 7. d5 Na6 8. Bd3 Nb4
9. Bb1 Bd7 10. O-O Nh5 11. f5 Qc8 12. g4 Nf6 13. h3 h5 14. g5 Ne8 15. Nh4 Nc7
16. a3 Bd4+ 17. Kh1 Nba6 18. Bd3 Ne8 19. fxg6 Ng7 20. gxf7+ Rxf7 21. Rxf7 Kxf7
22. Qf3+ Kg8 23. Nf5 Bxf5 24. exf5 Qd7 25. Bd2 Nc7 26. Rf1 Rf8 27. Qe4 Nce8 28.
Rf3 1-0

[Event "ENCI Limburg-open B"]
[Site "Maastricht"]
[Date "2009.05.30"]
[Round "2"]
[White "Sofic, Narcis"]
[Black "Von Meijenfeldt, Bart"]
[Result "1-0"]
[WhiteElo "1866"]
[BlackElo "1984"]
[PlyCount "154"]
[EventDate "2009.05.29"]
[EventType "swiss"]
[EventRounds "7"]
[EventCountry "NED"]
[Source "P.Boonen"]
[SourceDate "2010.01.01"]

1. d4 Nf6 2. Nf3 d6 3. e3 g6 4. c4 Bg7 5. Nc3 O-O 6. Be2 Na6 7. O-O c5 8. Nb5
Bf5 9. a3 Qb6 10. Bd2 Ne4 11. Be1 Nb8 12. a4 a6 13. a5 Qd8 14. Nc3 Nxc3 15.
Bxc3 Nc6 16. Qd2 b6 17. Nh4 Bd7 18. g3 bxa5 19. Bf3 a4 20. Bd1 Bh3 21. Re1 cxd4
22. exd4 Qb6 23. Nf3 e5 24. dxe5 dxe5 25. Nxe5 Rfd8 26. Qe3 Qxe3 27. Rxe3 Nxe5
28. Bxe5 Bxe5 29. Rxe5 Rab8 30. Bxa4 Rxb2 31. Re8+ Rxe8 32. Bxe8 Rc2 33. f4 Kf8
34. Bc6 Rxc4 35. Bb7 Rc7 36. Be4 Bc8 37. Kf2 Rc5 38. Ke3 Rb5 39. Rc1 Be6 40.
Bd3 Rb3 41. Kd4 Ra3 42. Rc3 Ra1 43. Ke5 Kg7 44. Bc4 Bxc4 45. Rxc4 a5 46. f5
Re1+ 47. Kd4 gxf5 48. Rc5 Rf1 49. Ke5 a4 50. Ra5 Ra1 51. Kxf5 a3 52. h4 a2 53.
Kg5 h6+ 54. Kh5 f5 55. Ra6 Rg1 56. Rxa2 Rxg3 57. Ra7+ Kf6 58. Ra6+ Ke5 59. Ra5+
Ke4 60. Ra4+ Kf3 61. Kxh6 f4 62. h5 Kg4 63. Kg6 Kh3+ 64. Kf5 f3 65. Rf4 Kg2 66.
h6 Rg8 67. Rxf3 Kxf3 68. h7 Ra8 69. Kg6 Kg4 70. Kg7 Ra7+ 71. Kg6 Ra8 72. Kg7
Kg5 73. h8=Q Ra7+ 74. Kg8 Kg6 75. Qh1 Rg7+ 76. Kf8 Rh7 77. Qe4+ Kh6 1-0

[Event "ENCI Limburg-open B"]
[Site "Maastricht"]
[Date "2009.05.30"]
[Round "2"]
[White "Spoelstra, Henri"]
[Black "Kocur, Marc"]
[Result "0-1"]
[WhiteElo "1717"]
[BlackElo "1887"]
[PlyCount "52"]
[EventDate "2009.05.29"]
[EventType "swiss"]
[EventRounds "7"]
[EventCountry "NED"]
[Source "P.Boonen"]
[SourceDate "2010.01.01"]

1. d4 d6 2. Bf4 Nf6 3. Nf3 Nbd7 4. e3 Nh5 5. Bg3 Nxg3 6. hxg3 e5 7. Nbd2 g6 8.
c3 Bg7 9. Qc2 d5 10. dxe5 Nxe5 11. Nxe5 Bxe5 12. Nf3 Bf6 13. Bd3 O-O 14. O-O-O
Qe7 15. Rh2 Kg7 16. Rdh1 Rh8 17. Rh6 Bg4 18. R6h2 c5 19. Qd2 b5 20. Nh4 d4 21.
exd4 cxd4 22. cxd4 Rad8 23. Kb1 Rxd4 24. Qc2 Qd7 25. f3 Rxd3 26. fxg4 Rd2 0-1

[Event "ENCI Limburg-open B"]
[Site "Maastricht"]
[Date "2009.05.30"]
[Round "2"]
[White "Suilen, Willem"]
[Black "Provinciael, Ernest"]
[Result "0-1"]
[WhiteElo "1754"]
[BlackElo "1901"]
[PlyCount "94"]
[EventDate "2009.05.29"]
[EventType "swiss"]
[EventRounds "7"]
[EventCountry "NED"]
[Source "P.Boonen"]
[SourceDate "2010.01.01"]

1. e4 e6 2. d4 d5 3. Nc3 Bb4 4. Qg4 Nf6 5. Qxg7 Rg8 6. Qh6 Rg6 7. Qe3 Nxe4 8.
Nge2 c5 9. g3 Nc6 10. f3 Nxc3 11. bxc3 cxd4 12. Nxd4 Ba5 13. Bd2 Qf6 14. Nxc6
bxc6 15. f4 Bd7 16. Qd4 Rc8 17. Qxf6 Rxf6 18. Bd3 c5 19. c4 Bc6 20. Rf1 Bxd2+
21. Kxd2 d4 22. f5 Ke7 23. fxe6 fxe6 24. Rxf6 Kxf6 25. Rf1+ Ke7 26. Rf4 Rh8 27.
Rh4 h6 28. Rg4 e5 29. Be4 Bxe4 30. Rxe4 Kf6 31. c3 Kf5 32. Re2 e4 33. h3 Rb8
34. cxd4 cxd4 35. Rf2+ Ke5 36. Kc2 Rb4 37. Rf7 Rxc4+ 38. Kd2 Ra4 39. Re7+ Kd5
40. Rd7+ Ke6 41. Rh7 Rxa2+ 42. Ke1 Kd5 43. Rxh6 Kc4 44. Rc6+ Kd3 45. Rc1 e3 46.
h4 Rh2 47. Rd1+ Ke4 0-1

[Event "ENCI Limburg-open B"]
[Site "Maastricht"]
[Date "2009.05.30"]
[Round "2"]
[White "Swijsen, Lars"]
[Black "Overtoom, Reinier"]
[Result "1-0"]
[WhiteElo "1860"]
[BlackElo "1725"]
[PlyCount "37"]
[EventDate "2009.05.29"]
[EventType "swiss"]
[EventRounds "7"]
[EventCountry "NED"]
[Source "P.Boonen"]
[SourceDate "2010.01.01"]

1. e4 c5 2. c3 d5 3. exd5 Qxd5 4. d4 cxd4 5. cxd4 Nf6 6. Nc3 Qa5 7. Nf3 e6 8.
Bc4 Be7 9. O-O O-O 10. Re1 Rd8 11. d5 Qc7 12. Qb3 exd5 13. Bxd5 Rf8 14. Bxf7+
Rxf7 15. Ng5 Bc5 16. Bf4 Bxf2+ 17. Kh1 Qxf4 18. Qxf7+ Kh8 19. Re8+ 1-0

[Event "ENCI Limburg-open B"]
[Site "Maastricht"]
[Date "2009.05.30"]
[Round "2"]
[White "Taverniers, Peter"]
[Black "Broekmeulen, Joris"]
[Result "1/2-1/2"]
[WhiteElo "1792"]
[BlackElo "1931"]
[PlyCount "60"]
[EventDate "2009.05.29"]
[EventType "swiss"]
[EventRounds "7"]
[EventCountry "NED"]
[Source "P.Boonen"]
[SourceDate "2010.01.01"]

1. c4 e5 2. Nc3 Nc6 3. g3 Nf6 4. Bg2 Bc5 5. e3 d5 6. cxd5 Nb4 7. d4 exd4 8.
exd4 Be7 9. Nge2 Nbxd5 10. Nxd5 Nxd5 11. O-O O-O 12. Nf4 Nxf4 13. Bxf4 Bf6 14.
Be5 c6 15. Qb3 Bxe5 16. dxe5 Qe7 17. Qc3 Be6 18. a3 Rad8 19. Rad1 Rd7 20. Rxd7
Qxd7 21. Qc5 a6 22. Bf3 Qd3 23. Qc3 Qxc3 24. bxc3 Rd8 25. Rd1 Rxd1+ 26. Bxd1
Kf8 27. Kf1 Bd5 28. Ke2 Ke7 29. Ke3 c5 30. f4 h6 1/2-1/2

[Event "ENCI Limburg-open B"]
[Site "Maastricht"]
[Date "2009.05.30"]
[Round "2"]
[White "Titgemeyer, Sven"]
[Black "Heuts, John"]
[Result "1/2-1/2"]
[WhiteElo "1889"]
[BlackElo "1747"]
[PlyCount "56"]
[EventDate "2009.05.29"]
[EventType "swiss"]
[EventRounds "7"]
[EventCountry "NED"]
[Source "P.Boonen"]
[SourceDate "2010.01.01"]

1. e4 e6 2. d4 d5 3. Nd2 Nf6 4. e5 Nfd7 5. Bd3 c5 6. c3 Nc6 7. Ne2 Be7 8. Nf3
O-O 9. O-O f6 10. Nf4 Nb6 11. exf6 Rxf6 12. Qc2 g6 13. Ne5 cxd4 14. Nxc6 bxc6
15. cxd4 Bd7 16. Re1 Qf8 17. Nh3 Rc8 18. Bg5 Rf7 19. Bxe7 Qxe7 20. Rac1 Qh4 21.
Rcd1 Rcf8 22. Rd2 e5 23. dxe5 Bxh3 24. gxh3 Qxh3 25. Bf1 Qg4+ 26. Bg2 Nc4 27.
Rde2 Rf5 28. h3 Qg5 1/2-1/2

[Event "ENCI Limburg-open B"]
[Site "Maastricht"]
[Date "2009.05.30"]
[Round "2"]
[White "Titgemeyer, Thomas"]
[Black "Liekens, Ronny"]
[Result "1/2-1/2"]
[WhiteElo "1799"]
[BlackElo "1889"]
[PlyCount "52"]
[EventDate "2009.05.29"]
[EventType "swiss"]
[EventRounds "7"]
[EventCountry "NED"]
[Source "P.Boonen"]
[SourceDate "2010.01.01"]

1. d4 d5 2. c4 e6 3. Nc3 Nf6 4. Bg5 Be7 5. e3 O-O 6. Nf3 b6 7. cxd5 Nxd5 8.
Bxe7 Qxe7 9. Nxd5 exd5 10. Be2 Qb4+ 11. Qd2 Qxd2+ 12. Nxd2 c5 13. dxc5 bxc5 14.
Bf3 Bb7 15. Nb3 Na6 16. O-O Rab8 17. Rfd1 Rfd8 18. Rac1 c4 19. Nd4 Ba8 20. b3
cxb3 21. axb3 Rb6 22. Rc3 Nb4 23. Rdc1 Rbb8 24. Rc7 a6 25. Re7 Rbc8 26. Rec7
Rb8 1/2-1/2

[Event "ENCI Limburg-open B"]
[Site "Maastricht"]
[Date "2009.05.30"]
[Round "2"]
[White "Uckerman, John"]
[Black "Herzet, Serge"]
[Result "1/2-1/2"]
[WhiteElo "1687"]
[BlackElo "1851"]
[PlyCount "31"]
[EventDate "2009.05.29"]
[EventType "swiss"]
[EventRounds "7"]
[EventCountry "NED"]
[Source "P.Boonen"]
[SourceDate "2010.01.01"]

1. e4 b6 2. d4 Bb7 3. Nd2 e6 4. c3 c5 5. Ngf3 Nf6 6. Bd3 d6 7. Qe2 Be7 8. Bb5+
Nbd7 9. e5 Nd5 10. Ne4 dxe5 11. Nxe5 Bc8 12. f4 N5f6 13. Nxf6+ gxf6 14. Nxf7
Kxf7 15. Qh5+ Kg8 16. Qg4+ 1/2-1/2

[Event "ENCI Limburg-open B"]
[Site "Maastricht"]
[Date "2009.05.30"]
[Round "2"]
[White "Van Liempt, Michael"]
[Black "Lenaerts, Lennert"]
[Result "1-0"]
[WhiteElo "1882"]
[BlackElo "1720"]
[PlyCount "73"]
[EventDate "2009.05.29"]
[EventType "swiss"]
[EventRounds "7"]
[EventCountry "NED"]
[Source "P.Boonen"]
[SourceDate "2010.01.01"]

1. Nf3 Nf6 2. c4 g6 3. Nc3 Bg7 4. d4 d6 5. e4 O-O 6. Be2 b6 7. O-O c5 8. d5
Nbd7 9. h3 a6 10. Be3 Ne8 11. Qd2 Nc7 12. Rab1 Re8 13. Nh2 Rb8 14. f4 b5 15. b3
b4 16. Nd1 a5 17. Ng4 Nf6 18. Nxf6+ Bxf6 19. g4 Rf8 20. f5 Bg7 21. Bh6 Ne8 22.
Bxg7 Nxg7 23. Nb2 Bd7 24. Rf2 Qc7 25. Rbf1 Qa7 26. Nd3 a4 27. Qg5 f6 28. Qh6 g5
29. h4 gxh4 30. Rh2 axb3 31. Rxh4 Kf7 32. Qxh7 bxa2 33. Qg6+ Kg8 34. Rh7 Rf7
35. Ra1 b3 36. Kg2 b2 37. Rh8+ 1-0

[Event "ENCI Limburg-open B"]
[Site "Maastricht"]
[Date "2009.05.30"]
[Round "2"]
[White "Vereggen, Lars"]
[Black "Beeren, Thom"]
[Result "1-0"]
[WhiteElo "1779"]
[BlackElo "1807"]
[PlyCount "87"]
[EventDate "2009.05.29"]
[EventType "swiss"]
[EventRounds "7"]
[EventCountry "NED"]
[Source "P.Boonen"]
[SourceDate "2010.01.01"]

1. e4 e5 2. Nf3 Nc6 3. d4 exd4 4. Nxd4 Bc5 5. Be3 Qf6 6. Nb5 Bxe3 7. fxe3 Qe5
8. Qd5 Qxb2 9. Bc4 Ne5 10. Nxc7+ Kd8 11. Nxa8 Qxa1 12. O-O Nf6 13. Qa5+ b6 14.
Nxb6 axb6 15. Qxb6+ Ke8 16. Qb8 Nxc4 17. Qxc8+ Ke7 18. Qxc4 Qe5 19. Nc3 Rb8 20.
Rf5 Qe6 21. Qc7 Qb6 22. Qxb6 Rxb6 23. Rxf6 Rxf6 24. Nd5+ Ke6 25. Nxf6 Kxf6 26.
a4 Ke5 27. c4 Kd6 28. Kf2 Kc6 29. Kf3 Kb6 30. e5 Ka5 31. Ke4 Kxa4 32. Kd5 Kb4
33. c5 g5 34. g4 h6 35. h3 Kb5 36. Kd6 Kc4 37. Kxd7 Kxc5 38. e6 fxe6 39. Kxe6
Kc4 40. Kf5 Kd3 41. e4 Ke3 42. e5 Kf3 43. e6 Kg3 44. e7 1-0

[Event "ENCI Limburg-open B"]
[Site "Maastricht"]
[Date "2009.05.30"]
[Round "2"]
[White "Whitmire, James David"]
[Black "Bieberle, Gerhardt"]
[Result "1-0"]
[WhiteElo "1831"]
[BlackElo "1742"]
[PlyCount "37"]
[EventDate "2009.05.29"]
[EventType "swiss"]
[EventRounds "7"]
[EventCountry "NED"]
[Source "P.Boonen"]
[SourceDate "2010.01.01"]

1. e4 e5 2. d4 exd4 3. Qxd4 Nc6 4. Qe3 b6 5. Nc3 Bc5 6. Qg3 g6 7. Bc4 Bb4 8.
Bg5 f6 9. Bf4 d6 10. O-O-O Bxc3 11. Qxc3 Bb7 12. Bb5 Qd7 13. e5 a6 14. e6 Qc8
15. Bxc6+ Kd8 16. Bxd6 Bxc6 17. Qxc6 cxd6 18. Rxd6+ Ke7 19. Rd7+ 1-0

[Event "ENCI Limburg-open B"]
[Site "Maastricht"]
[Date "2009.05.30"]
[Round "2"]
[White "Willen, Ronny"]
[Black "Breest, Axel"]
[Result "1/2-1/2"]
[WhiteElo "1903"]
[BlackElo "1818"]
[PlyCount "50"]
[EventDate "2009.05.29"]
[EventType "swiss"]
[EventRounds "7"]
[EventCountry "NED"]
[Source "P.Boonen"]
[SourceDate "2010.01.01"]

1. e4 d5 2. exd5 c6 3. dxc6 Nxc6 4. Bc4 e5 5. d3 Na5 6. Bb5+ Nc6 7. Qf3 Nf6 8.
Nc3 Bd7 9. Bg5 Nd4 10. Bxd7+ Qxd7 11. Qd1 Qc6 12. f3 Bb4 13. Bd2 Ng4 14. h3 Nh6
15. Rc1 Be7 16. Nce2 Nhf5 17. c3 Bh4+ 18. Kf1 Nxe2 19. Nxe2 Qc5 20. Qa4+ b5 21.
d4 bxa4 22. dxc5 O-O-O 23. Be1 Bg5 24. Rb1 Ne3+ 25. Kg1 Rd1 1/2-1/2

[Event "ENCI Limburg-open B"]
[Site "Maastricht"]
[Date "2009.05.30"]
[Round "2"]
[White "Wissink, Sander"]
[Black "Falter, Lennart"]
[Result "1-0"]
[WhiteElo "1945"]
[BlackElo "1829"]
[PlyCount "87"]
[EventDate "2009.05.29"]
[EventType "swiss"]
[EventRounds "7"]
[EventCountry "NED"]
[Source "P.Boonen"]
[SourceDate "2010.01.01"]

1. e4 e5 2. Nf3 Nc6 3. Bb5 a6 4. Ba4 Nf6 5. O-O Be7 6. Re1 b5 7. Bb3 O-O 8. h3
d6 9. c3 Na5 10. Bc2 c5 11. d4 Nc6 12. Nbd2 Re8 13. Nf1 h6 14. a4 Bb7 15. d5
Na7 16. Ng3 Bf8 17. Nf5 Kh7 18. g4 g6 19. Ng3 Nc8 20. a5 Ne7 21. Kh2 Bg7 22.
Rg1 Rh8 23. Be3 Qd7 24. Qf1 Kg8 25. b4 cxb4 26. cxb4 Bc8 27. Nf5 gxf5 28. gxf5
Kh7 29. Qg2 Ne8 30. Qg4 Kg8 31. Qh4 Kf8 32. Rxg7 Kxg7 33. Rg1+ Ng6 34. Qh5 Nf6
35. Rxg6+ fxg6 36. Qxg6+ Kf8 37. Qxf6+ Kg8 38. Nh4 Bb7 39. Qg6+ Qg7 40. Qxd6
Re8 41. Bd1 h5 42. Ng6 Rh7 43. Bb3 Qd7 44. Qf6 1-0

[Event "ENCI Limburg-open B"]
[Site "Maastricht"]
[Date "2009.05.30"]
[Round "3"]
[White "Andriulevicius, Orestas"]
[Black "Titgemeyer, Sven"]
[Result "1-0"]
[WhiteElo "1772"]
[BlackElo "1889"]
[PlyCount "41"]
[EventDate "2009.05.29"]
[EventType "swiss"]
[EventRounds "7"]
[EventCountry "NED"]
[Source "P.Boonen"]
[SourceDate "2010.01.01"]

1. e4 e5 2. Nf3 Nc6 3. Bb5 a6 4. Ba4 Nf6 5. O-O Be7 6. Re1 b5 7. Bb3 O-O 8. h3
d5 9. exd5 Nxd5 10. Nxe5 Nxe5 11. Rxe5 Nf6 12. d4 Bd6 13. Re1 Ng4 14. Qf3 Qh4
15. Re8 Bb7 16. Rxf8+ Rxf8 17. Qxg4 Re8 18. Be3 Qf6 19. Nc3 h5 20. Qxh5 g6 21.
Qg4 1-0

[Event "ENCI Limburg-open B"]
[Site "Maastricht"]
[Date "2009.05.30"]
[Round "3"]
[White "Beeren, Thom"]
[Black "Willen, Ronny"]
[Result "1/2-1/2"]
[WhiteElo "1807"]
[BlackElo "1903"]
[PlyCount "40"]
[EventDate "2009.05.29"]
[EventType "swiss"]
[EventRounds "7"]
[EventCountry "NED"]
[Source "P.Boonen"]
[SourceDate "2010.01.01"]

1. e4 c5 2. Nf3 d6 3. d4 cxd4 4. Nxd4 Nf6 5. Nc3 g6 6. Be3 Bg7 7. f3 O-O 8. Qd2
Nc6 9. Bc4 Bd7 10. O-O-O Ne5 11. Bb3 Qa5 12. h4 Rfc8 13. Bh6 Bxh6 14. Qxh6 Rxc3
15. bxc3 Qxc3 16. h5 Qa1+ 17. Kd2 Qxd4+ 18. Kc1 Qc3 19. hxg6 Nxg6 20. g4 Qa1+
1/2-1/2

[Event "ENCI Limburg-open B"]
[Site "Maastricht"]
[Date "2009.05.30"]
[Round "3"]
[White "Bitalzadeh, Mahsa"]
[Black "Van Liempt, Michael"]
[Result "1/2-1/2"]
[WhiteElo "1761"]
[BlackElo "1882"]
[PlyCount "105"]
[EventDate "2009.05.29"]
[EventType "swiss"]
[EventRounds "7"]
[EventCountry "NED"]
[Source "P.Boonen"]
[SourceDate "2010.01.01"]

1. e4 d6 2. d4 Nf6 3. Nc3 g6 4. f4 Bg7 5. Nf3 c5 6. h3 cxd4 7. Nxd4 Nc6 8. Be3
Nh5 9. Nde2 e5 10. f5 Bf6 11. g4 Bh4+ 12. Kd2 Ng3 13. Nxg3 Bxg3 14. Rg1 Bf4 15.
Bxf4 exf4 16. Qf3 g5 17. Rd1 Qb6 18. Bb5 O-O 19. Kc1 Ne5 20. Qe2 a6 21. Bd3 Bd7
22. Nd5 Qa5 23. a3 f6 24. Qf2 Qc5 25. Qf1 Bc6 26. b4 Qd4 27. c3 Nxd3+ 28. Qxd3
Qxd3 29. Rxd3 Rae8 30. Re1 f3 31. Rd4 Bxd5 32. Rxd5 f2 33. Rf1 Rxe4 34. Rxf2
Re3 35. Kd2 Rxh3 36. Rxd6 Rg3 37. Rd7 Rf7 38. Rd8+ Kg7 39. Rd4 Rc7 40. c4 Rxa3
41. Re2 Ra2+ 42. Kd3 Rxe2 43. Kxe2 h5 44. gxh5 Kh6 45. c5 Kxh5 46. Rd6 Rc6 47.
Kf3 g4+ 48. Kf4 g3 49. Rd7 Kh6 50. Kxg3 Kg5 51. Rxb7 a5 52. Rb6 Rc7 53. bxa5
1/2-1/2

[Event "ENCI Limburg-open B"]
[Site "Maastricht"]
[Date "2009.05.30"]
[Round "3"]
[White "Blijlevens, Pim"]
[Black "Cromsigt, Jeroen"]
[Result "1-0"]
[WhiteElo "1941"]
[BlackElo "1836"]
[PlyCount "81"]
[EventDate "2009.05.29"]
[EventType "swiss"]
[EventRounds "7"]
[EventCountry "NED"]
[Source "P.Boonen"]
[SourceDate "2010.01.01"]

1. d4 Nf6 2. Bg5 c5 3. Bxf6 exf6 4. dxc5 Bxc5 5. e3 Qb6 6. Qc1 d5 7. c3 Nc6 8.
Nd2 O-O 9. Nb3 Bf5 10. Nxc5 Qxc5 11. Nf3 Rfe8 12. Be2 Rac8 13. O-O Qb6 14. Qd2
Be6 15. Bd3 Ne5 16. Bc2 Nc4 17. Qd3 g6 18. Rab1 Qa5 19. a3 Bf5 20. Qe2 Bg4 21.
Rfd1 Ne5 22. Rd4 Rc4 23. Kh1 Nxf3 24. gxf3 Rxd4 25. cxd4 Bh5 26. Bd1 Re4 27.
Qd3 Qe1+ 28. Kg2 Rh4 29. Qe2 Qa5 30. Rc1 Qb6 31. Qc2 Qd6 32. Qc7 Rxh2+ 33. Kg1
Qxc7 34. Rxc7 Rh3 35. Kg2 Rh4 36. Rxb7 a5 37. Rb8+ Kg7 38. Rd8 g5 39. Rxd5 g4
40. fxg4 Bg6 41. Rxa5 1-0